Miasto do państwa - nagła śmierć - Statystyki

Ogólne statystyki
  • Ten quiz został rozwiązany 176 razy
  • Średni wynik to 8 z 17
Answers on the Grid
Answers color-coded by a green-red scale on the quiz's grid according to % correct below.
Nigeria - Marsylia
Polska - Lwów
Chiny - Xi'an
Maroko - Lubumbashi
Argentyna - Cochabamba
Kenia - Mombasa
Indonezja - Bandung
Iran - Batman
Tanzania - Kolkata
Rosja - Ałmaty
Hiszpania - Porto
Pakistan - Hajdarabad
Wielka Brytania - Cork
Nowa Zelandia - Perth
Południowa Afryka - Durban
Egipt - Aleksandria
Japonia - Hongkong
Kolumbia - Cali
Brazylia - Recife
Indie - Hajdarabad
Kazachstan - Szymkent
Arabia Saudyjska - Dżudda
Meksyk - San Antonio
Stany Zjednoczone - Chicago
Niemcy - Hamburg
Korea Południowa - Pusan
Algieria - Marrakesz
Włochy - Neapol
Francja - Lyon
Australia - Adelaide
 
Statystyki odpowiedzi
Odpowiedź % Poprawnych
Francja - Lyon
77%
Stany Zjednoczone - Chicago
72%
Niemcy - Hamburg
68%
Włochy - Neapol
68%
Chiny - Xi'an
58%
Egipt - Aleksandria
58%
Australia - Adelaide
53%
Korea Południowa - Pusan
53%
Arabia Saudyjska - Dżudda
49%
Brazylia - Recife
46%
Południowa Afryka - Durban
39%
Kolumbia - Cali
37%
Indie - Hajdarabad
28%
Kenia - Mombasa
28%
Kazachstan - Szymkent
26%
Indonezja - Bandung
25%
Pakistan - Hajdarabad
25%
Nie znaleziono quizów pasujących do podanych kryteriów
Rozkład punktacji
Procent ludzi z każdym wynikiem
Percentyl według liczby udzielonych odpowiedzi
Twoja historia wyników
Nie rozwiązałeś tego quizu